000 00562 a2200181 4500
999 _c4842
_d4842
010 _aENG-86586
020 _a9788120331435
_c395.00
035 _aEN-70119
037 _bDBAD / PUB
082 1 4 _a005.43
100 _aStanek, William R
245 1 _aWindows vista administrator's pocket consultant /
_cby William R.Stanek
260 _aNew Delhi
_bPrentice-Hall of India
_c2007
270 _aM-97, Connaught Circus,
_bNew Delhi
_e110 001
300 _axxi, 547p
_c22cm (pbk)
500 _aIncludes index
942 _adpl
_cEN
_2ddc
_h005.43
_mSTA